000 00430nam a2200133Ia 4500
005 20260328104314.0
008 260328s9999||||xx |||||||||||||| ||und||
100 _aAndino, Alberto
245 0 _aXVII Bienal Panamericana de Arquitectura de Quito :
_b la bienal abierta la Arquitectura rompe sus fronteras /
_cAlberto Andino
260 _bColegio de Arquitectos del Ecuador
300 _a176 p.
650 _aECUADOR
942 _cBK
999 _c11089
_d11089